000 00865nam a22001577a 4500
003 OSt
005 20151001154323.0
008 151001b xxu||||| |||| 00| 0 eng d
040 _c RUA
082 _aAGR LAY 2012 B050 Or.1
100 _91696
_aLAY, SOPEARY
245 _aEffect of weed condition methods on ir66 rice variety under dry season condition in osaray commune, tram kok district, takeo province, ប្រសិទ្ទភាពនៃវិធីសាស្ត្រកំចាត់រុក្ខជាតិចង្រៃលើដំណាំស្រូវអ៊ីអ៊ែរ៦៦លក្ខខណ្ឌរដូវប្រាំង​នៅឃុំអូរសារាយ ស្រុកត្រាំកក់​ ខេត្តតាកែរ
260 _aPhnom Penh
_bRUA
_c2012
300 _axi; 56p.
_bill.
_c29cm.
942 _2ddc
_cAGR
999 _c1599
_d1599